Reflets culturels de la France contemporaine : d'après quelques films choisis /

Bibliographic Details
Main Author: Hollenbeck, Josette
Format: Book
Language:French
Published: Lanham, Md. : University Press of America, [1998]
Subjects:

MARC

Tag First Indicator Second Indicator Subfields
LEADER 00000cam a2200000 a 4500
001 in00001405069
005 20151020064136.0
008 970910s1998 mdu b 000 0 fre
010 |a  97031789  
020 |a 0761809473 (alk. paper) 
035 |a (OCoLC)37651703 
035 |9 AHP4591AM 
040 |a DLC  |c DLC  |d C#P  |d TXA  |d UtOrBLW 
043 |a e-fr--- 
049 |a TXAM 
050 0 0 |a PC2460  |b .H66 1998 
082 0 0 |a 440/.9/09045  |2 21 
100 1 |a Hollenbeck, Josette. 
245 1 0 |a Reflets culturels de la France contemporaine :  |b d'après quelques films choisis /  |c Josette Hollenbeck. 
264 1 |a Lanham, Md. :  |b University Press of America,  |c [1998] 
264 4 |c ©1998 
300 |a xii, 156 pages ;  |c 22 cm. 
336 |a text  |b txt  |2 rdacontent 
337 |a unmediated  |b n  |2 rdamedia 
338 |a volume  |b nc  |2 rdacarrier 
504 |a Includes bibliographical references. 
650 0 |a French language  |x Usage. 
650 0 |a Motion pictures  |z France. 
650 0 |a Motion pictures and language. 
651 0 |a France  |x Civilization  |y 20th century. 
948 |a c:rd 
999 |a MARS 
999 f f |s ad9834e3-8e6b-3664-baa3-c806d66bf6e6  |i 93ffbe2f-ad4f-3233-aaee-5e713b02417e  |t 0 
952 f f |p normal  |a Texas A&M University  |b College Station  |c Sterling C. Evans Library  |d Evans: Library Stacks  |t 0  |e PC2460 .H66 1998  |h Library of Congress classification  |i unmediated -- volume  |m A14823384098 
998 f f |a PC2460 .H66 1998  |t 0  |l Evans: Library Stacks